| 000 | 00616nam a2200229Ia 4500 | ||
|---|---|---|---|
| 003 | OSt | ||
| 005 | 20221005121236.0 | ||
| 006 | a|||||r|||| 00| 0 | ||
| 007 | ta | ||
| 008 | 221004b |||||||| |||| 00| 0 eng d | ||
| 024 | _a53546 | ||
| 037 | _cTextual | ||
| 040 |
_aCRL _cCRL _beng |
||
| 041 |
_2eng _aeng |
||
| 082 | _aR6, G7 | ||
| 100 |
_aSharpe Elizabeth. _9630288 |
||
| 245 | 0 | _aGreat creamation ground (mahasmasana) A critical dissertation on Indian philosophy, etc. | |
| 260 | _c1937 | ||
| 650 | _aPHILOSOPHY | ||
| 942 |
_hR6, G7 _cTEXL _2cc |
||
| 999 |
_c1040555 _d1040555 |
||